000 00344nam a2200157Ia 4500
100 _aKoch G/ Loney/ K
250 _a3
942 _cBK
654 _aComputer
245 _aOracle : The complete Reference
260 _bTata Mc Graw hill
_aNew Delhi
_c1997
082 _a005.13'O'KOC
300 _a1066
546 _aENGLISH
999 _c20291
_d20291